Hiyas ng lahi 8 : (Record no. 9970)

MARC details
000 -LEADER
fixed length control field 00680nam a22001937a 4500
003 - CONTROL NUMBER IDENTIFIER
control field OSt
005 - DATE AND TIME OF LATEST TRANSACTION
control field 20260428003423.0
008 - FIXED-LENGTH DATA ELEMENTS--GENERAL INFORMATION
fixed length control field 260428b |||||||| |||| 00| 0 eng d
020 ## - INTERNATIONAL STANDARD BOOK NUMBER
International Standard Book Number 9789710729050
040 ## - CATALOGING SOURCE
Original cataloging agency DWCL Main Lib.
Transcribing agency OC
082 ## - DEWEY DECIMAL CLASSIFICATION NUMBER
Classification number Fil. 499.211 J63h 2013
100 ## - MAIN ENTRY--PERSONAL NAME
Personal name Jocson, Magdalena O.
245 ## - TITLE STATEMENT
Title Hiyas ng lahi 8 :
Remainder of title panitikan, gramatika at retorika /
Statement of responsibility, etc. Magdalena O. Jocson, Marites L. Tolosa
260 ## - PUBLICATION, DISTRIBUTION, ETC.
Place of publication, distribution, etc. Quezon City, Philippines :
Name of publisher, distributor, etc. Vibal Publishing,
Date of publication, distribution, etc. c2013.
300 ## - PHYSICAL DESCRIPTION
Extent xiv, 434 pages :
Other physical details illustrations ;
Dimensions 26cm.
504 ## - BIBLIOGRAPHY, ETC. NOTE
Bibliography, etc. note Includes index and bibliographical references.
650 ## - SUBJECT ADDED ENTRY--TOPICAL TERM
Topical term or geographic name entry element 1. Filipino--Study and teaching.
942 ## - ADDED ENTRY ELEMENTS (KOHA)
Source of classification or shelving scheme Dewey Decimal Classification
Koha item type Book-Filipiniana
Suppress in OPAC No
952 ## - LOCATION AND ITEM INFORMATION (KOHA)
--
952 ## - LOCATION AND ITEM INFORMATION (KOHA)
--
Holdings
Withdrawn status Lost status Source of classification or shelving scheme Damaged status Not for loan Home library Current library Shelving location Date acquired Source of acquisition Total Checkouts Full call number Barcode Date last seen Copy number Price effective from Koha item type Uniform Resource Identifier
    Dewey Decimal Classification     Junior High School Library Junior High School Library Filipiniana 07/02/2016 Evaluation copy   Fil. 499.211 J63h 2013 JHS - 18086 04/28/2026 c1 04/28/2026 BK - FIL
    Dewey Decimal Classification     Junior High School Library Junior High School Library Filipiniana 07/02/2016 Evaluation copy   Fil. 499.211 J63h 2013 JHS - 17600 04/28/2026 c2 04/28/2026 BK - FIL